Movies Quiz

Random Movies or Clickable Quiz

Will Ferrell Character Quiz Stats

 Plays Quiz not verified by Sporcle

Challenge
Share
Tweet
Embed
Score 0/14 Timer 01:30
0 Plays Today
% Correct
Blades of Glory
97%
Elf
96.2%
Talladega Nights
96.2%
Step Brothers
95.5%
The Campaign
94.7%
Old School
94.7%
Casa de mi Padre
94%
% Correct
The Other Guys
93.2%
Semi Pro
92.5%
Anchorman
90.2%
Land of the Lost
90.2%
Everything Must Go
88.7%
The Internship
85.7%
Anchorman 2
83.5%

You're not logged in!

Compare scores with friends on all Sporcle quizzes.
Join for Free
OR
Log In

You Might Also Like...

Show Comments

Extras

Top Quizzes Today


Score Distribution

Your Account Isn't Verified!

In order to create a playlist on Sporcle, you need to verify the email address you used during registration. Go to your Sporcle Settings to finish the process.

Report this User

Report this user for behavior that violates our Community Guidelines.

Details: